ՀՀ Գիտությունների ազգային ակադեմիայի հիմնարար գիտական գրադարան  =   Fundamental Scientific Library of NAS RA

Звезды моей юности : (Record no. 28919)

MARC details
000 -LEADER
fixed length control field 01141nam a2200241 a 4500
001 - CONTROL NUMBER
control field 000091130
003 - CONTROL NUMBER IDENTIFIER
control field AM-YEHGA
005 - DATE AND TIME OF LATEST TRANSACTION
control field 20250618071108.0
008 - FIXED-LENGTH DATA ELEMENTS--GENERAL INFORMATION
fixed length control field 971225s1988 ai |||||||||||||| ||rus d
020 ## - INTERNATIONAL STANDARD BOOK NUMBER
International Standard Book Number 555000108
040 ## - CATALOGING SOURCE
Original cataloging agency AM-YeHGA
041 1# - LANGUAGE CODE
Language code of text/sound track or separate title rus
Language code of original arm
090 ## - LOCALLY ASSIGNED LC-TYPE CALL NUMBER (OCLC); LOCAL CALL NUMBER (RLIN)
-- 29305
100 1# - MAIN ENTRY--PERSONAL NAME
Personal name Հովհաննիսյան, Հրաչյա Կարապետի,
Dates associated with a name 1919-1997
9 (RLIN) 2630
245 10 - TITLE STATEMENT
Title Звезды моей юности :
Remainder of title Мемуар. повесть в 2 ч. : Пер. с армянского /
Statement of responsibility, etc. Рачия Ованесян ; Авториз. пер. с арм. Г. Татосяна ; Худож. А.И. Яралян.
260 ## - PUBLICATION, DISTRIBUTION, ETC.
Place of publication, distribution, etc. Ереван :
Name of publisher, distributor, etc. Советакан грох,
Date of publication, distribution, etc. 1988.
300 ## - PHYSICAL DESCRIPTION
Extent 480 с. :
Other physical details ил. ;
Dimensions 21 см.
650 14 - SUBJECT ADDED ENTRY--TOPICAL TERM
Topical term or geographic name entry element Армяне в великой отечественной войне 1941-1945 гг. (х.л.)
650 14 - SUBJECT ADDED ENTRY--TOPICAL TERM
Topical term or geographic name entry element Поэты армянские советские (х.л.)
650 14 - SUBJECT ADDED ENTRY--TOPICAL TERM
Topical term or geographic name entry element Советская Армия на фронтах Великой Отечественной войны 1941-1945 гг. (х.л.)
700 1# - ADDED ENTRY--PERSONAL NAME
Personal name Яралян, А.И.
Relator term худож.
Relationship art
942 ## - ADDED ENTRY ELEMENTS (KOHA)
Source of classification or shelving scheme Universal Decimal Classification
Koha item type Գրքեր / Books
Koha issues (borrowed), all copies 1
Holdings
Withdrawn status Lost status Source of classification or shelving scheme Damaged status Not for loan Collection Home library Current library Date acquired Total checkouts Full call number Barcode Date last seen Date last checked out Price effective from Koha item type Public note
    Universal Decimal Classification     General Fundamental Scientific Library Fundamental Scientific Library 21/12/2016 1 PII/592684 FL0031099 14/04/2025 14/04/2025 21/12/2016 Գրքեր / Books 30 Days Loan
    Universal Decimal Classification     General Fundamental Scientific Library Fundamental Scientific Library 21/12/2016   PII/595631 FL0019078 21/12/2016   21/12/2016 Գրքեր / Books 30 Days Loan


ՀՀ ԳԱԱ հիմնարար գիտական գրադարան
ՀՀ,Երևան 0019
Մարշալ Բաղրամյան 24/6
հեռախոս:(374-10) 52-47-50
Հետադարձ կապ

All site content, except where otherwise noted, is licensed under a
Creative Commons License